01754camaa22002177a 450000500170000000800410001704000650005804100080012308200150013110000440014624501290019025001010031926000510042030000360047150005080050750503440101550600210135965000680138065000480144870000400149620170803105819.0110512s1739 sp fr 001 0 spa d aBNMbspacSandra Yazo (modificó)dSandra Yazo (modificó)0 aspa04220a349.461 aSolórzano Pereira, Juan ded1575-165510aTomo segundo de la política indiana ... dividida en seis libros ...ccompuesta por el doctor don Juan de Solorzano Pereyra aSale en esta tercera impressión ilustrada por el licenc. D. Francisco Ramiro de Valenzuela ... aMadrid (España)bpor Gabriel Ramírezc1739 a[8], 704 páginasc37 x 25 cm. aDetalles físicos: Encuadernación flexible en pergamino. Tapas con roturas en bordes, conserva los cierres en cuero. Guardas con arrugas. Anteportada. Portada impresa en una sola tinta, firma D. Mazustegui. Privilegios y licencias, fe de erratas y tasación. Texto impreso en dos columnas, sumarios y párrafos numerados. Cenefas. Mayúsculas capitales. Algunas notas al pie de página. Papel con manchas de oxidación y humedad. Ejemplar en buen estado de conservación. Colección incompleta0 aV.2: Libro IV – VI: Las cosas eclesiásticas y patronazgo real de las Indias -- El gobierno secular de las Indias, alcaldes ordinarios, corregidores, gobernadores, audiencias y virreyes de ellas y del supremo consejo -- La hacienda Real de Indias y miembros de que se compone ; Adiciones á algunos puntos de esta política ; Índice aConsulta en sala 7aDerecho colonial español zAméricaxObras anteriores a 1800 7aDerecho de indias xObras anteriores a 1800 aValenzuela, Franciso Ramiroeeditor